| 000 | 01775nam a2200529 i 4500 | ||
|---|---|---|---|
| 001 | 46045 | ||
| 003 | KOSZ 005 | ||
| 005 | 20220323113534.0 | ||
| 008 | 030303s2002 pl a |000 0 pol | ||
| 015 | _aUWD 2003/4179 | ||
| 020 | _a8371602847 | ||
| 035 | _a991020339609705066 | ||
| 035 | _a(PL-WaBN)b15515473-48omnis_nlop | ||
| 035 | _ab15515473 | ||
| 035 | _a(OCoLC)749270222 | ||
| 035 | _a(PL)b0000001551547 | ||
| 035 | _a(EXLNZ-48OMNIS_NETWORK)9910369742805606 | ||
| 040 |
_aWA N _cWA N _dKOSZ 005/HR |
||
| 041 | 0 | _apol | |
| 046 | _k2002 | ||
| 080 | _a613.2 | ||
| 080 | _a612.3.015 | ||
| 080 | _a664 | ||
| 245 | 0 | 0 |
_aSkładniki mineralne w żywieniu człowieka / _cpod red. Anny Brzozowskiej ; aut. Anna Brzozowska [et al.]. |
| 250 | _aWyd. 2. | ||
| 260 |
_aPoznań : _bWydaw. Akademii Rolniczej im. Augusta Cieszkowskiego, _c2002. |
||
| 300 |
_a113 s., [4] s. tabl. kolor. : _bil., mapa ; _c24 cm. |
||
| 336 |
_aTekst _btxt _2rdacontent |
||
| 337 |
_aBez urządzenia pośredniczącego _bn _2rdamedia |
||
| 338 |
_aWolumin _bnc _2rdacarrier |
||
| 380 | _aKsiążki | ||
| 380 | _aPublikacje naukowe | ||
| 388 | _a2001- | ||
| 504 | _aBibliogr. | ||
| 650 | 7 |
_aMakroelementy _2DBN |
|
| 650 | 7 |
_aMikroelementy _2DBN |
|
| 650 | 7 |
_aTechnologia żywności _2DBN |
|
| 650 | 7 |
_aZdrowe odżywianie _2DBN |
|
| 650 | 7 |
_aŻywność _2DBN |
|
| 650 | 7 | _aBiochemia | |
| 658 | _aMedycyna i zdrowie | ||
| 700 | 1 |
_aBrzozowska, Anna _c(technolog żywności). _eAutor _eRedakcja |
|
| 710 | 2 |
_aWydawnictwo Akademii Rolniczej (Poznań) _4pbl |
|
| 856 |
_uhttp://koha.tu.koszalin.pl/cgi-bin/koha/opac-detail.pl?biblionumber=46045 _yKatalog online BPK |
||
| 942 |
_2UKD _cKS |
||
| 999 |
_c46045 _d46045 |
||